[Event "XII Festival A"]
[Site "Cesenatico ITA"]
[Date "2007.09.02"]
[Round "2"]
[White "Ori, Marco"]
[Black "Dittmar, Peter"]
[Result "1/2-1/2"]
[WhiteElo "2144"]
[BlackElo "2342"]
[PlyCount "62"]
[EventDate "2007.09.01"]

1. e4 e6 2. d4 d5 3. Nd2 a6 4. Ngf3 c5 5. exd5 exd5 6. Be2 Nc6 7. O-O Bd6 8.
dxc5 Bxc5 9. Nb3 Ba7 10. c3 Nge7 11. Nfd4 O-O 12. Be3 Ne5 13. Nc2 Bb8 14. Nbd4
Qd6 15. g3 Bh3 16. Re1 Bc7 17. Nf3 Ng4 18. Ng5 Nxe3 19. Nxe3 Bd7 20. Qc2 Qg6
21. Qxg6 hxg6 22. Rad1 Bc6 23. Bf3 Rad8 24. Bg2 Bb6 25. Nf3 Nf5 26. Nxf5 gxf5
27. Nd4 g6 28. Rd2 Rfe8 29. Red1 Ba4 30. Rb1 Re7 31. Bf3 Rdd7 1/2-1/2

[Event "XII Festival A"]
[Site "Cesenatico ITA"]
[Date "2007.09.02"]
[Round "2"]
[White "Ortega, Lexy"]
[Black "Froewis, Georg"]
[Result "1-0"]
[WhiteElo "2435"]
[BlackElo "2208"]
[PlyCount "65"]
[EventDate "2007.09.01"]

1. d4 e6 2. Nf3 c5 3. e3 Nf6 4. c4 d5 5. cxd5 exd5 6. Bb5+ Nc6 7. O-O Bg4 8.
Qa4 a6 9. Bxc6+ bxc6 10. Ne5 Bd7 11. b3 Bd6 12. Ba3 Qc7 13. Nd2 O-O 14. Ndf3
Ne4 15. Rac1 Be8 16. Nd3 c4 17. Bxd6 Qxd6 18. bxc4 c5 19. Qa5 dxc4 20. Nxc5 Qd5
21. Ne5 Rc8 22. Nxc4 Bc6 23. Nb6 Qg5 24. Nxc8 Rxc8 25. f4 Qd5 26. Nb3 Qd7 27.
d5 Bb7 28. Rxc8+ Qxc8 29. Rc1 Qa8 30. Nc5 Nxc5 31. Qxc5 h5 32. d6 Qe8 33. Qd4
1-0

[Event "XII Festival A"]
[Site "Cesenatico ITA"]
[Date "2007.09.02"]
[Round "2"]
[White "Pantaleoni, Claudio"]
[Black "Roeder, Matthias"]
[Result "0-1"]
[WhiteElo "2219"]
[BlackElo "2444"]
[PlyCount "84"]
[EventDate "2007.09.01"]

1. d4 Nf6 2. c4 e6 3. Nf3 b6 4. g3 Bb4+ 5. Bd2 a5 6. Bg2 Ba6 7. Qb3 c5 8. d5
exd5 9. cxd5 O-O 10. e3 d6 11. Nc3 Nbd7 12. Bf1 Bb7 13. Rd1 a4 14. Qc4 Re8 15.
a3 Ba5 16. Qa2 Ng4 17. Be2 Qf6 18. O-O h5 19. Qb1 Ba6 20. Bxa6 Rxa6 21. Nh4 g6
22. Qd3 Raa8 23. f4 c4 24. Qxc4 Nxe3 25. Bxe3 Bxc3 26. Bd4 Bxd4+ 27. Qxd4 Re2
28. Rf2 Rxf2 29. Kxf2 Rc8 30. Rd2 Qxd4+ 31. Rxd4 Rc2+ 32. Ke3 Rxb2 33. Rxa4 Nf6
34. Kd3 Rxh2 35. Kc4 Rc2+ 36. Kb5 Nxd5 37. Ra8+ Kg7 38. Rd8 Rc5+ 39. Ka6 Ra5+
40. Kb7 Rxa3 41. Rxd6 Nf6 42. f5 g5 0-1

[Event "XII Festival A"]
[Site "Cesenatico ITA"]
[Date "2007.09.02"]
[Round "2"]
[White "Pompili, Ugo"]
[Black "Naumkin, Igor"]
[Result "0-1"]
[WhiteElo "1817"]
[BlackElo "2490"]
[PlyCount "48"]
[EventDate "2007.09.01"]

1. d4 e6 2. e3 b6 3. Nf3 Bb7 4. Be2 Nf6 5. Nbd2 Be7 6. c3 O-O 7. O-O c5 8. Ne5
d6 9. Nef3 Qc7 10. Bd3 Nc6 11. Qe2 d5 12. a3 e5 13. dxe5 Nxe5 14. Nxe5 Qxe5 15.
Nf3 Qh5 16. Ba6 Bc6 17. Bb5 Rac8 18. Bxc6 Rxc6 19. Qa6 Ne4 20. Qb7 Rg6 21. Qxe7
Qxf3 22. g3 Ng5 23. h4 Nh3+ 24. Kh2 Nxf2 0-1

[Event "XII Festival A"]
[Site "Cesenatico ITA"]
[Date "2007.09.02"]
[Round "2"]
[White "Rotstein, Arkadij"]
[Black "Brancaleoni, Maurizio"]
[Result "1-0"]
[WhiteElo "2515"]
[BlackElo "2256"]
[PlyCount "97"]
[EventDate "2007.09.01"]

1. Nf3 d5 2. b3 c5 3. e3 Nc6 4. Bb2 Nf6 5. Bb5 Bd7 6. O-O a6 7. Bxc6 Bxc6 8.
Ne5 Rc8 9. d3 g6 10. Nd2 Bg7 11. f4 O-O 12. Qe1 Nd7 13. Nxd7 Bxd7 14. Bxg7 Kxg7
15. Nf3 f6 16. e4 dxe4 17. dxe4 Qc7 18. Qe3 c4 19. b4 c3 20. e5 Bc6 21. Nd4 Bd5
22. a3 fxe5 23. fxe5 Rxf1+ 24. Rxf1 Rf8 25. Rxf8 Kxf8 26. h4 Qc4 27. h5 e6 28.
h6 Ke8 29. Kf2 Bc6 30. g4 Bb5 31. Kg3 Qf1 32. Nxe6 Bc6 33. Qf2 Qxf2+ 34. Kxf2
Bd7 35. Ng5 Ba4 36. Ke3 Bxc2 37. Kd4 Bb3 38. Kxc3 Bg8 39. Kd4 b6 40. e6 Ke7 41.
Ke5 b5 42. Kd5 Kf6 43. Ne4+ Ke7 44. Nc5 Kf6 45. Kd6 Kg5 46. Nxa6 Kxh6 47. a4
bxa4 48. b5 a3 49. Nb4 1-0

[Event "XII Festival A"]
[Site "Cesenatico ITA"]
[Date "2007.09.02"]
[Round "2"]
[White "Samaritani, Fabio"]
[Black "Winkler, Stefan"]
[Result "1-0"]
[WhiteElo "2262"]
[BlackElo "1825"]
[PlyCount "43"]
[EventDate "2007.09.01"]

1. d4 d5 2. c4 c6 3. Nf3 Nf6 4. Nc3 e6 5. g3 Nbd7 6. Bg2 dxc4 7. O-O b5 8. e4
b4 9. Nb1 c5 10. d5 Nxe4 11. dxe6 fxe6 12. Ng5 Nxg5 13. Bxa8 Be7 14. Qe2 Nb6
15. Bc6+ Bd7 16. Bxd7+ Nxd7 17. Rd1 e5 18. Bxg5 Bxg5 19. Nd2 O-O 20. Ne4 Be7
21. Qxc4+ Kh8 22. Qe6 1-0

[Event "XII Festival A"]
[Site "Cesenatico ITA"]
[Date "2007.09.02"]
[Round "2"]
[White "Stiller, Juergen"]
[Black "Salvador, Roland"]
[Result "0-1"]
[WhiteElo "2241"]
[BlackElo "2461"]
[PlyCount "62"]
[EventDate "2007.09.01"]

1. d4 Nf6 2. Bg5 d5 3. Bxf6 exf6 4. e3 Be6 5. Nd2 c6 6. g3 Nd7 7. Bg2 Bd6 8.
Ne2 f5 9. Nf4 Bxf4 10. exf4 Qb6 11. Nb3 h6 12. Qd2 Nf6 13. O-O Ne4 14. Qa5 g5
15. fxg5 hxg5 16. f4 g4 17. Rfe1 Rh6 18. Qxb6 axb6 19. a4 Kd7 20. Bf1 c5 21.
dxc5 bxc5 22. Bg2 Kc6 23. Re2 Rah8 24. Bf1 d4 25. Nd2 Bd5 26. b3 Nc3 27. Rf2
Re6 28. Bc4 Rhe8 29. Bxd5+ Kxd5 30. Nc4 f6 31. Raf1 Nxa4 0-1

[Event "XII Festival A"]
[Site "Cesenatico ITA"]
[Date "2007.09.02"]
[Round "2"]
[White "Tomba, Ivan"]
[Black "Levin, Felix"]
[Result "0-1"]
[WhiteElo "2244"]
[BlackElo "2521"]
[PlyCount "110"]
[EventDate "2007.09.01"]

1. e4 c5 2. Nf3 e6 3. d4 cxd4 4. Nxd4 Nc6 5. Nc3 Qc7 6. Be3 a6 7. f4 b5 8. Nb3
Bb7 9. Bd3 Nf6 10. O-O d6 11. Qf3 Be7 12. Rae1 Nb4 13. a3 Nxd3 14. cxd3 Rc8 15.
Rc1 Qb8 16. Bd4 O-O 17. Qf2 e5 18. Ba7 Qa8 19. Na5 Bd8 20. Nxb7 Qxb7 21. Kh1
exf4 22. Bd4 Nh5 23. Nd5 Rxc1 24. Rxc1 f5 25. Qf3 Qf7 26. Rc6 fxe4 27. dxe4 Qg6
28. Rc8 Bg5 29. Rc7 Re8 30. Qb3 Kh8 31. Qc2 h6 32. Rc8 Qe6 33. Rxe8+ Qxe8 34.
Nc7 Qc8 35. Qc6 f3 36. Qe8+ Qxe8 37. Nxe8 Bf6 38. Nxf6 fxg2+ 39. Kxg2 Nxf6 40.
Kf3 Nd7 41. Ke3 Kg8 42. Kd3 Kf7 43. Kc3 Ne5 44. Bf2 Ke6 45. b3 g5 46. a4 Nc6
47. Bg3 d5 48. axb5 axb5 49. exd5+ Kxd5 50. Kd3 Nd4 51. b4 Nc6 52. Kc3 Ke4 53.
Bd6 g4 54. Bg3 h5 55. Bd6 h4 0-1

[Event "XII Festival A"]
[Site "Cesenatico ITA"]
[Date "2007.09.02"]
[Round "2"]
[White "Trabert, Bettina"]
[Black "Ninov, Nikolai Ivanov"]
[Result "0-1"]
[WhiteElo "2260"]
[BlackElo "2536"]
[PlyCount "72"]
[EventDate "2007.09.01"]

1. e4 c5 2. Nf3 d6 3. d4 Nf6 4. Nc3 cxd4 5. Nxd4 a6 6. f4 Qc7 7. Be2 b5 8. Bf3
Bb7 9. a3 Nbd7 10. O-O Rc8 11. Kh1 g6 12. Be3 Bg7 13. Nb3 O-O 14. Rf2 Nb6 15.
Bxb6 Qxb6 16. Qe1 Rxc3 17. bxc3 Nxe4 18. Bxe4 Bxe4 19. Re2 d5 20. Rd1 Qc7 21.
Rxe4 dxe4 22. Qxe4 Qxc3 23. h3 Bf6 24. Rd2 Rb8 25. Kh2 a5 26. a4 Kg7 27. Re2 h5
28. Re3 Qc7 29. axb5 Rxb5 30. g3 Rb4 31. Qd3 a4 32. Nc1 Rd4 33. Qe2 Rc4 34. c3
Rxc3 35. Rxc3 Qxc3 36. Na2 Qb2 0-1

[Event "XII Festival A"]
[Site "Cesenatico ITA"]
[Date "2007.09.03"]
[Round "3"]
[White "Brancaleoni, Maurizio"]
[Black "Raykhman, Alexander"]
[Result "1-0"]
[WhiteElo "2256"]
[BlackElo "2089"]
[PlyCount "77"]
[EventDate "2007.09.01"]

1. d4 Nf6 2. c4 g6 3. Nc3 Bg7 4. e4 d6 5. Be2 O-O 6. Nf3 e5 7. O-O Nc6 8. d5
Ne7 9. Rb1 Ne8 10. b4 f5 11. Ng5 h6 12. Ne6 Bxe6 13. dxe6 Qc8 14. Nd5 Qxe6 15.
c5 Nxd5 16. exd5 Qe7 17. c6 bxc6 18. dxc6 Nf6 19. Ba6 d5 20. b5 Rad8 21. Bd2
Rfe8 22. Bb4 Qf7 23. Bc5 Ne4 24. Qc1 d4 25. Bxa7 Nc3 26. Qa3 Bf8 27. Qa5 Nxb1
28. Rxb1 Qd5 29. Qa4 Qe4 30. Qb3+ Kh8 31. b6 cxb6 32. c7 Ra8 33. Bd3 Qc6 34.
Bxb6 Bc5 35. Qc4 Ra3 36. Qxc5 Qxc5 37. Bxc5 Rxd3 38. a4 Ra3 39. Bxa3 1-0

[Event "XII Festival A"]
[Site "Cesenatico ITA"]
[Date "2007.09.03"]
[Round "3"]
[White "Drei, Andrea"]
[Black "Skembris, Spyridon"]
[Result "0-1"]
[WhiteElo "2269"]
[BlackElo "2465"]
[PlyCount "52"]
[EventDate "2007.09.01"]

1. e4 c6 2. d4 g6 3. Nc3 Bg7 4. Nf3 d5 5. h3 dxe4 6. Nxe4 Nd7 7. Bf4 Ngf6 8.
Nc3 Qb6 9. a3 Nd5 10. Nxd5 cxd5 11. Rb1 O-O 12. Be2 Nb8 13. h4 Nc6 14. Be3 Bg4
15. c3 Rfe8 16. h5 Bxf3 17. Bxf3 Rad8 18. hxg6 hxg6 19. b4 e5 20. b5 exd4 21.
bxc6 Qa5 22. c7 Rc8 23. Kf1 dxe3 24. fxe3 Rxc7 25. Qxd5 Qxc3 26. Rd1 Qxe3 0-1

[Event "XII Festival A"]
[Site "Cesenatico ITA"]
[Date "2007.09.03"]
[Round "3"]
[White "Froewis, Georg"]
[Black "Kuran, Avelino"]
[Result "1-0"]
[WhiteElo "2208"]
[BlackElo "2069"]
[PlyCount "53"]
[EventDate "2007.09.01"]

1. e4 c5 2. Nf3 d6 3. d4 cxd4 4. Nxd4 Nf6 5. Nc3 g6 6. Be3 Bg7 7. f3 Nc6 8. Qd2
O-O 9. Bc4 Bd7 10. O-O-O Rc8 11. Bb3 Ne5 12. Kb1 Re8 13. h4 h5 14. Bh6 Nc4 15.
Bxc4 Rxc4 16. Bxg7 Kxg7 17. g4 hxg4 18. h5 Rh8 19. hxg6 fxg6 20. f4 e5 21. Rxh8
Qxh8 22. Nde2 Qf8 23. fxe5 dxe5 24. Rf1 Be6 25. Ng3 Qe7 26. Qg5 Rc7 27. Rxf6
1-0

[Event "XII Festival A"]
[Site "Cesenatico ITA"]
[Date "2007.09.03"]
[Round "3"]
[White "Gaiba, Paolo"]
[Black "Popchev, Milko"]
[Result "0-1"]
[WhiteElo "2140"]
[BlackElo "2456"]
[PlyCount "89"]
[EventDate "2007.09.01"]

1. e4 d5 2. Nc3 Nf6 3. e5 d4 4. exf6 dxc3 5. fxg7 cxd2+ 6. Bxd2 Bxg7 7. Bc4 Nc6
8. Qh5 Ne5 9. Be2 Qd5 10. Bc3 Be6 11. f4 Qxg2 12. Bxe5 Qxh1 13. O-O-O Bxe5 14.
Qxe5 Rg8 15. Bf3 Qxg1 16. Rxg1 Rxg1+ 17. Kd2 O-O-O+ 18. Kc3 c6 19. Qe3 Rf1 20.
Bg2 Ra1 21. a3 a6 22. Bh3 Bxh3 23. Qxh3+ Kb8 24. Qxh7 Re1 25. b3 Re3+ 26. Kb2
Re2 27. h4 Rh2 28. h5 Rd5 29. Qxf7 Rhxh5 30. Qxe7 Rh8 31. Qf7 Rhh5 32. a4 a5
33. Kc3 Ka7 34. Qe6 Rh2 35. Qe3+ c5 36. Qg1 Rh6 37. Kc4 Rf5 38. Qe3 Rhf6 39. c3
Kb6 40. Qe7 Rxf4+ 41. Kd3 Rf3+ 42. Ke2 Rf2+ 43. Ke1 Rf1+ 44. Ke2 R6f2+ 45. Kd3
0-1

[Event "XII Festival A"]
[Site "Cesenatico ITA"]
[Date "2007.09.03"]
[Round "3"]
[White "Hiermann, Dietmar"]
[Black "Rotstein, Arkadij"]
[Result "0-1"]
[WhiteElo "2278"]
[BlackElo "2515"]
[PlyCount "78"]
[EventDate "2007.09.01"]

1. e4 c5 2. Nc3 e6 3. f4 d5 4. Bb5+ Bd7 5. Bxd7+ Qxd7 6. d3 Nc6 7. Nf3 Nge7 8.
O-O g6 9. Ne2 Bg7 10. c3 O-O 11. Be3 b6 12. Qc2 Rac8 13. Bf2 Qb7 14. Bh4 Rfe8
15. Rad1 Qa6 16. b3 d4 17. cxd4 Nxd4 18. Nfxd4 cxd4 19. Qd2 Nc6 20. Rc1 Qa3 21.
Bf2 Nb4 22. Rxc8 Rxc8 23. Rc1 Rc5 24. Kf1 Nxd3 25. Rxc5 Nxc5 26. Bxd4 Nxe4 27.
Qc2 Bxd4 28. Nxd4 Nf6 29. g3 Qd6 30. Nf3 Nd5 31. Qc8+ Kg7 32. Ne5 Qc7 33. Qe8
Nf6 34. Qa8 h5 35. Kg2 Qc2+ 36. Kh3 Qf5+ 37. Kg2 Qc2+ 38. Kh3 Ng4 39. Qg2 Qf5
0-1

[Event "XII Festival A"]
[Site "Cesenatico ITA"]
[Date "2007.09.03"]
[Round "3"]
[White "Mauro, Alan"]
[Black "Lotti, Fabio"]
[Result "1-0"]
[WhiteElo "2195"]
[BlackElo "2025"]
[PlyCount "79"]
[EventDate "2007.09.01"]

1. e4 c6 2. Nc3 d5 3. Nf3 d4 4. Ne2 c5 5. Ng3 Nc6 6. Bc4 g6 7. O-O Bg7 8. d3
Nf6 9. h3 O-O 10. Bf4 Na5 11. Bb3 Nxb3 12. axb3 b6 13. Qd2 Ne8 14. Bh6 f6 15.
Bxg7 Nxg7 16. b4 cxb4 17. Qxb4 e5 18. Nd2 a5 19. Qa3 Be6 20. b4 a4 21. b5 Qc7
22. Rfc1 Ra5 23. Qb4 Rfa8 24. Nc4 Bxc4 25. dxc4 Ne6 26. Nf1 Nc5 27. Qe1 Rd8 28.
Qe2 Kg7 29. Ra3 Qe7 30. Rca1 Qb7 31. Nd2 Qe7 32. h4 Ra7 33. h5 g5 34. Qg4 Qd7
35. Qf3 Qe6 36. Nb3 Qxc4 37. h6+ Kf7 38. Nxc5 bxc5 39. Qf5 Ke8 40. Qxf6 1-0

[Event "XII Festival A"]
[Site "Cesenatico ITA"]
[Date "2007.09.03"]
[Round "3"]
[White "Molina, Fabrizio"]
[Black "Simeone, Donato"]
[Result "1-0"]
[WhiteElo "2260"]
[BlackElo "2102"]
[PlyCount "63"]
[EventDate "2007.09.01"]

1. c4 e6 2. Nc3 d5 3. d4 Nf6 4. Nf3 Be7 5. Bf4 a6 6. c5 b6 7. b4 O-O 8. e3 Nc6
9. a3 Bb7 10. Bd3 Re8 11. Qc2 bxc5 12. bxc5 Bxc5 13. dxc5 e5 14. Rb1 Bc8 15.
Bg5 e4 16. Bxe4 dxe4 17. Rd1 Bd7 18. Nxe4 Rxe4 19. Bxf6 Qe8 20. Rxd7 gxf6 21.
O-O Re7 22. Rxe7 Qxe7 23. h3 Rd8 24. Rc1 Rd5 25. Qc4 Qd7 26. Qxa6 Rd1+ 27. Rxd1
Qxd1+ 28. Kh2 Qd5 29. Qa8+ Kg7 30. Nd4 Qe5+ 31. f4 Qxe3 32. Nf5+ 1-0

[Event "XII Festival A"]
[Site "Cesenatico ITA"]
[Date "2007.09.03"]
[Round "3"]
[White "Mrdja, Milan"]
[Black "Ori, Marco"]
[Result "1-0"]
[WhiteElo "2385"]
[BlackElo "2144"]
[PlyCount "139"]
[EventDate "2007.09.01"]

1. e4 c6 2. d4 d5 3. e5 Bf5 4. Nf3 e6 5. Be2 Nd7 6. O-O Ne7 7. Be3 Bg6 8. Nbd2
Nf5 9. Bf4 Be7 10. g4 Nh4 11. Nxh4 Bxh4 12. Be3 h5 13. gxh5 Bf5 14. Kh1 Qe7 15.
Rg1 g6 16. hxg6 fxg6 17. Bg4 Qh7 18. Bxf5 gxf5 19. Nf3 O-O-O 20. Qe2 f4 21.
Bxf4 Rdf8 22. Rg4 Bd8 23. Bg3 Qh5 24. Ng1 Rxf2 25. Qxf2 Qxg4 26. c3 Nf8 27. Rf1
Ng6 28. Qg2 Ne7 29. Bf4 Qf5 30. Ne2 Rg8 31. Qf3 Qh7 32. Ng3 Rh8 33. Qg2 Ng6 34.
Qc2 Qh3 35. Qg2 Qh7 36. Be3 Be7 37. Qc2 Qh3 38. Qg2 Qh7 39. Bg1 Kd7 40. Qc2 Qg7
41. Qe2 Nh4 42. Bf2 Qh7 43. Be1 Qg6 44. b3 Kc7 45. Rf4 Qh7 46. c4 Ng6 47. Rf3
Kb8 48. Nf1 Nh4 49. Bxh4 Bxh4 50. Rf4 Rg8 51. Qf3 Qg7 52. Ng3 Bxg3 53. hxg3 a6
54. Kg2 dxc4 55. bxc4 Qh7 56. d5 cxd5 57. cxd5 Qc2+ 58. Qf2 Qxf2+ 59. Kxf2 exd5
60. Rd4 Rd8 61. Ke3 Kc7 62. Rd3 Kc6 63. Kd4 b5 64. Rc3+ Kb6 65. g4 b4 66. Rf3
Kb5 67. g5 Rg8 68. e6 Kc6 69. e7 Kd7 70. Rf8 1-0

[Event "XII Festival A"]
[Site "Cesenatico ITA"]
[Date "2007.09.03"]
[Round "3"]
[White "Ninov, Nikolai Ivanov"]
[Black "Ortega, Lexy"]
[Result "0-1"]
[WhiteElo "2536"]
[BlackElo "2435"]
[PlyCount "108"]
[EventDate "2007.09.01"]

1. e4 c6 2. d4 d5 3. Nc3 dxe4 4. Nxe4 Nd7 5. Bc4 Ngf6 6. Nxf6+ Nxf6 7. Qd3 g6
8. Qb3 Nd5 9. Ne2 Bg7 10. Nf4 Nxf4 11. Bxf4 Qxd4 12. Bxf7+ Kf8 13. Be3 Qxb2 14.
Rd1 Qc3+ 15. Ke2 Bf5 16. Rd2 h5 17. Rhd1 Bf6 18. Be6 Qxb3 19. Bxb3 Kg7 20. a4
Bc3 21. Bd4+ Bxd4 22. Rxd4 a5 23. h4 b5 24. f3 c5 25. Rf4 c4 26. Ba2 Bxc2 27.
Rd7 Bxa4 28. Rxe7+ Kh6 29. Kf2 Rh7 30. Re6 Rd8 31. Bb1 Rd2+ 32. Ke3 Rxg2 33.
Rff6 Rg7 34. Rf8 Bc2 35. Bxc2 Rxc2 36. Rh8+ Rh7 37. Rg8 Rg2 38. f4 Rf7 39. f5
Rg3+ 40. Ke2 Rg2+ 41. Ke3 Rg3+ 42. Ke2 Rxf5 43. Re7 g5 44. Rh8+ Kg6 45. Re6+
Rf6 46. Re5 gxh4 47. Rxb5 c3 48. Rxa5 c2 49. Rg8+ Kh6 50. Rh8+ Kg7 51. Rc8 Rg2+
52. Ke3 h3 53. Rxh5 h2 54. Ke4 Rg1 0-1

[Event "XII Festival A"]
[Site "Cesenatico ITA"]
[Date "2007.09.03"]
[Round "3"]
[White "Pipitone, Antonio"]
[Black "Stiller, Juergen"]
[Result "0-1"]
[WhiteElo "2020"]
[BlackElo "2241"]
[PlyCount "78"]
[EventDate "2007.09.01"]

1. e4 c6 2. d4 d5 3. Nc3 dxe4 4. Nxe4 Nf6 5. Nxf6+ gxf6 6. Nf3 Bf5 7. Bd3 Bg6
8. Bf4 e6 9. Qd2 Bd6 10. Bxg6 hxg6 11. c4 g5 12. Bxd6 Qxd6 13. g3 g4 14. Nh4
Nd7 15. O-O-O O-O-O 16. Qa5 Kb8 17. Rhe1 f5 18. Kb1 b6 19. Qa6 Nf6 20. Re3 Rd7
21. Rdd3 Ne4 22. f3 Nf2 23. Rd2 f4 24. Ree2 fxg3 25. hxg3 Qxg3 26. Rxf2 Rxh4
27. fxg4 Qxg4 28. a4 Qe4+ 29. Ka2 Rh5 30. Rg2 Rd8 31. d5 cxd5 32. a5 Rc8 33.
axb6 Qxc4+ 34. Qxc4 Rxc4 35. bxa7+ Kxa7 36. Rg8 Kb7 37. Re8 Rf5 38. Rd3 Kc7 39.
Rg3 Rf2 0-1

[Event "XII Festival A"]
[Site "Cesenatico ITA"]
[Date "2007.09.03"]
[Round "3"]
[White "Voiska, Margarita"]
[Black "Vincenzi, Andrea"]
[Result "1-0"]
[WhiteElo "2314"]
[BlackElo "1951"]
[PlyCount "89"]
[EventDate "2007.09.01"]

1. d4 e6 2. g3 g6 3. Bg2 d5 4. Nf3 Bg7 5. O-O Nf6 6. c4 c6 7. Qc2 O-O 8. Nbd2
Nbd7 9. b3 Re8 10. Bb2 b6 11. e4 dxe4 12. Nxe4 Nxe4 13. Qxe4 Bb7 14. Rad1 Qc7
15. Ne5 Rac8 16. b4 Ba8 17. c5 Nf6 18. Qh4 b5 19. Nf3 Nd5 20. Ng5 Nf6 21. Bc1
h6 22. Ne4 Nxe4 23. Bxe4 f5 24. Bc2 Qe7 25. Qh3 Rcd8 26. Rfe1 Kh7 27. Bf4 Bb7
28. g4 Qd7 29. Be5 Qf7 30. Bb3 Bc8 31. Qg2 Bd7 32. Re3 Bf6 33. Rh3 Qe7 34. Bxf6
Qxf6 35. g5 Qf7 36. Rxh6+ Kg8 37. Rd3 Qg7 38. Rdh3 Re7 39. R3h4 Be8 40. Qh3
Rxd4 41. Rh8+ Kf7 42. R4h7 Rg4+ 43. Kf1 Rxg5 44. Rxg7+ Kxg7 45. Rh7+ 1-0

[Event "XII Festival A"]
[Site "Cesenatico ITA"]
[Date "2007.09.04"]
[Round "4"]
[White "Andonov, Bogomil"]
[Black "Salvador, Roland"]
[Result "0-1"]
[WhiteElo "2383"]
[BlackElo "2461"]
[PlyCount "80"]
[EventDate "2007.09.01"]

1. c4 Nf6 2. Nf3 e6 3. g3 b6 4. Bg2 Bb7 5. d4 Bb4+ 6. Bd2 a5 7. O-O O-O 8. Nc3
d6 9. Rc1 Nbd7 10. Qc2 Bxc3 11. Bxc3 Be4 12. Qd1 Qe7 13. Bh3 Bb7 14. Nd2 e5 15.
f3 e4 16. d5 Nc5 17. Bd4 c6 18. fxe4 Nfxe4 19. Nxe4 Nxe4 20. dxc6 Bxc6 21. Bg2
Rac8 22. Bxb6 Nxg3 23. hxg3 Bxg2 24. Kxg2 Qb7+ 25. Rf3 Qxb6 26. b3 Rce8 27. Rc2
Re6 28. Rd2 Rfe8 29. Rfd3 Qc6+ 30. Rd5 Rh6 31. Qf1 a4 32. Qf3 Qd7 33. Rh5 Rf6
34. Qd5 Qg4 35. e4 Qf3+ 36. Kh2 g6 37. Rh4 Re5 38. Qa8+ Kg7 39. Qxa4 g5 40. Rh3
Rxe4 0-1

[Event "XII Festival A"]
[Site "Cesenatico ITA"]
[Date "2007.09.04"]
[Round "4"]
[White "Gennari, Leone"]
[Black "Bonugli, Carlo"]
[Result "1-0"]
[WhiteElo "2001"]
[BlackElo "2092"]
[PlyCount "45"]
[EventDate "2007.09.01"]

1. d4 Nf6 2. c4 c5 3. d5 e6 4. Nc3 exd5 5. cxd5 d6 6. e4 g6 7. f4 Bg7 8. Bb5+
Nbd7 9. e5 Nh5 10. e6 Qh4+ 11. Kf1 Ng3+ 12. hxg3 Qxh1 13. exd7+ Bxd7 14. Bxd7+
Kxd7 15. Be3 a6 16. Qa4+ b5 17. Nxb5 axb5 18. Qxb5+ Ke7 19. Qb7+ Kf6 20. Bd2 g5
21. Bc3+ Kg6 22. Qe7 gxf4 23. Qe4+ 1-0

[Event "XII Festival A"]
[Site "Cesenatico ITA"]
[Date "2007.09.04"]
[Round "4"]
[White "Kanina, Adriatik"]
[Black "Molina, Fabrizio"]
[Result "0-1"]
[WhiteElo "2130"]
[BlackElo "2260"]
[PlyCount "42"]
[EventDate "2007.09.01"]

1. b3 Nf6 2. Bb2 e6 3. Nf3 b6 4. e3 Bb7 5. c4 Be7 6. Be2 O-O 7. O-O d5 8. d3 c5
9. Nbd2 Nc6 10. a3 Qc7 11. Qc2 Rad8 12. Rfe1 Ng4 13. h3 Nh6 14. d4 cxd4 15.
Nxd4 Nxd4 16. Bxd4 Nf5 17. Bb2 Nh4 18. Bf1 Qc6 19. e4 dxe4 20. Nxe4 f5 21. Qc3
Rf7 0-1

[Event "XII Festival A"]
[Site "Cesenatico ITA"]
[Date "2007.09.04"]
[Round "4"]
[White "Ninov, Nikolai Ivanov"]
[Black "Estremera Panos, Sergio"]
[Result "1-0"]
[WhiteElo "2536"]
[BlackElo "2375"]
[PlyCount "81"]
[EventDate "2007.09.01"]

1. e4 c5 2. Nf3 Nc6 3. d4 cxd4 4. Nxd4 Nf6 5. Nc3 d6 6. Bc4 e6 7. Be3 a6 8. f4
d5 9. e5 dxc4 10. Nxc6 Qxd1+ 11. Rxd1 Nd5 12. Rxd5 bxc6 13. Rd4 Rb8 14. Nd1 c3
15. b3 Bb4 16. Rc4 a5 17. Bd4 c5 18. Bxc5 Ba6 19. Bxb4 axb4 20. Rc6 Bb5 21. Rd6
Ke7 22. a4 bxa3 23. Nxc3 Rhc8 24. Kd2 Bc6 25. Ra1 Bxg2 26. Rxa3 Rc7 27. Ne2 g5
28. c4 gxf4 29. Nxf4 Rg8 30. c5 Bh1 31. b4 Rg4 32. Rd4 Rg5 33. Nd3 Rh5 34. h4
Bc6 35. Ra5 Rb7 36. Rd6 Be8 37. c6 Rc7 38. b5 Rxe5 39. Nxe5 Kxd6 40. Nc4+ Ke7
41. b6 1-0

[Event "XII Festival A"]
[Site "Cesenatico ITA"]
[Date "2007.09.04"]
[Round "4"]
[White "Ori, Marco"]
[Black "Varinelli, Sara"]
[Result "1-0"]
[WhiteElo "2144"]
[BlackElo "1918"]
[PlyCount "63"]
[EventDate "2007.09.01"]

1. e4 e5 2. Nc3 d6 3. Bc4 Nf6 4. d3 Nc6 5. f4 Na5 6. f5 Nxc4 7. dxc4 h6 8. Nf3
b6 9. O-O Bb7 10. Qe2 Qd7 11. b3 Be7 12. Kh1 O-O-O 13. a4 Rdg8 14. a5 g6 15.
axb6 axb6 16. fxg6 Rxg6 17. Nh4 Rg4 18. Nf5 h5 19. h3 Rg6 20. Nd5 Nxd5 21. cxd5
Bg5 22. Bxg5 Rxg5 23. c4 Rhg8 24. Rf2 f6 25. b4 Kd8 26. Ra7 Qc8 27. c5 dxc5 28.
bxc5 bxc5 29. Qb5 Ba8 30. Rfa2 Bxd5 31. Qxc5 Re8 32. Qxd5+ 1-0

[Event "XII Festival A"]
[Site "Cesenatico ITA"]
[Date "2007.09.04"]
[Round "4"]
[White "Rausis, Igors"]
[Black "Voiska, Margarita"]
[Result "1-0"]
[WhiteElo "2524"]
[BlackElo "2314"]
[PlyCount "69"]
[EventDate "2007.09.01"]

1. e4 c5 2. Nf3 Nc6 3. d4 cxd4 4. Nxd4 Nf6 5. Nc3 g6 6. Nxc6 bxc6 7. e5 Ng8 8.
Bc4 Bg7 9. Bf4 f5 10. Qe2 e6 11. O-O-O Qc7 12. h4 Nh6 13. Rde1 Nf7 14. g4 fxg4
15. h5 g5 16. h6 Bxh6 17. Bg3 Bg7 18. Qxg4 Rb8 19. Qe4 Rb4 20. a3 Rxc4 21. Qxc4
O-O 22. f4 d5 23. exd6 Nxd6 24. fxg5 Nxc4 25. Bxc7 Rf7 26. Rh4 Ba6 27. Bd8 Bxc3
28. bxc3 Rf2 29. Rd4 Nxa3 30. Ra4 Nxc2 31. Rxe6 Bd3 32. Rxa7 Bg6 33. Bf6 Rf1+
34. Kb2 Rf2 35. Ree7 1-0

[Event "XII Festival A"]
[Site "Cesenatico ITA"]
[Date "2007.09.04"]
[Round "4"]
[White "Scipioni, Gaetano"]
[Black "Brancaleoni, Maurizio"]
[Result "1-0"]
[WhiteElo "2121"]
[BlackElo "2256"]
[PlyCount "101"]
[EventDate "2007.09.01"]

1. d4 Nf6 2. Nf3 d5 3. Bf4 c5 4. e3 Nc6 5. c3 Qb6 6. Qb3 c4 7. Qc2 Bf5 8. Qc1
Nh5 9. Bg3 f6 10. Nbd2 e5 11. dxe5 Nxg3 12. hxg3 Nxe5 13. Nxe5 fxe5 14. Be2
O-O-O 15. O-O h5 16. b3 cxb3 17. axb3 Kb8 18. b4 Rc8 19. Qa3 Bg4 20. Nf3 Bxf3
21. Bxf3 d4 22. cxd4 exd4 23. exd4 Bxb4 24. Qa4 h4 25. Rfb1 a5 26. g4 h3 27. g3
Rc3 28. Bd5 Rd8 29. Qa2 Qxd4 30. Rxb4 Qxd5 31. Qxd5 Rxd5 32. Rf4 Rdc5 33. Rf8+
Ka7 34. Kh2 Rc1 35. Ra3 R1c3 36. Ra1 Rc1 37. Ra3 Kb6 38. Rf7 R5c3 39. Rxc3 Rxc3
40. Rxg7 a4 41. Re7 a3 42. g5 Rc1 43. Re2 Ka5 44. f4 b5 45. g6 b4 46. f5 b3 47.
g7 Rc8 48. f6 b2 49. f7 b1=Q 50. f8=Q Qc1 51. g8=Q 1-0

[Event "XII Festival A"]
[Site "Cesenatico ITA"]
[Date "2007.09.05"]
[Round "5"]
[White "Fongarolli, Diego"]
[Black "Casadei, Mauro"]
[Result "0-1"]
[WhiteElo "2057"]
[BlackElo "2169"]
[PlyCount "46"]
[EventDate "2007.09.01"]

1. e4 e5 2. Nf3 Nc6 3. Bb5 a6 4. Bxc6 dxc6 5. O-O f6 6. d4 exd4 7. Nxd4 c5 8.
Nb3 Qxd1 9. Rxd1 Be6 10. Be3 b6 11. Nc3 Bd6 12. f4 O-O-O 13. a4 a5 14. Nd2 Ne7
15. h3 Nc6 16. Nf3 Bf7 17. Rd2 Rhe8 18. Rad1 Bg6 19. f5 Bxf5 20. Bh6 Bxe4 21.
Nxe4 Rxe4 22. Bxg7 Rg8 23. Bxf6 Rf4 0-1

[Event "XII Festival A"]
[Site "Cesenatico ITA"]
[Date "2007.09.05"]
[Round "5"]
[White "Froewis, Annika"]
[Black "Russo, Carmelo"]
[Result "1-0"]
[WhiteElo "1873"]
[BlackElo "1685"]
[PlyCount "37"]
[EventDate "2007.09.01"]

1. e4 c6 2. d4 d5 3. Nc3 dxe4 4. Nxe4 Nd7 5. Nf3 Ngf6 6. Ng3 Qc7 7. Bd3 g6 8.
c3 Bg7 9. h4 e5 10. h5 Nd5 11. Qe2 f5 12. Bd2 O-O 13. hxg6 hxg6 14. O-O-O e4
15. Nxe4 fxe4 16. Qxe4 N7f6 17. Qxg6 Qf7 18. Qg5 Ng4 19. Bh7+ 1-0